Iconic planes of the RAF - Statistics

General Stats
  • This quiz has been taken 34 times
    28 since last reset
  • The average score is 8 of 12
Answer Stats
Picture Answer % Correct
Supermarine Spitfire
95%
Avro Lancaster
91%
Avro Vulcan
91%
Panavia Tornado
82%
Hawker Harrier
77%
Hawker Hurricane
73%
English Electric Lightning
55%
De Havilland Mosquito
50%
Sopwith Camel
50%
English Electric Canberra
45%
Blackburn Buccaneer
41%
Bristol Blenheim
32%
No matching quizzes found
Score Distribution
Percent of People with Each Score
Percentile by Number Answered
Your Score History
You have not taken this quiz since the last reset